00475nam a2200133 450000500170000002000170001708200170003410000300005124500440008126000260012530000090015152001300016065000510029020251122150729.0 a978955231691 a581.076bKUR aKuruppuarachchi, K.A.J.M. aLaboratory Manual for Practical Botany/ aNawala:bOUSL,c2018. a88p. abasic laboratary tools and techniques, identifications of macro-molecules, practical skills in plant diversity & microbiology amicrobiology, plant diversity, macro-molecules